Statistics for Countries Henry Kissinger visited

Click here to take the quiz!

General Stats

  • This quiz has been taken 9 times
  • The average score is 48 of 62

Answer Stats

Continent Country % Correct
AsiaJapan
100%
EuropePoland
100%
EuropeFinland
100%
AsiaIsrael
100%
EuropeItaly
100%
AfricaAlgeria
100%
Europethe Netherlands
100%
EuropeNorway
100%
EuropePortugal
100%
Asia/ EuropeRussia
100%
EuropeUnited Kingdom
100%
EuropeBelgium
100%
EuropeSpain
100%
EuropeSweden
100%
EuropeFrance
100%
AsiaIran
89%
AfricaSouth Africa
89%
AsiaSouth Korea
89%
North AmericaMexico
89%
EuropeSwitzerland
89%
Asia/ EuropeTurkey
89%
EuropeAustria
89%
EuropeGermany
89%
AfricaEgypt
89%
EuropeVatican City
89%
South AmericaBrazil
89%
EuropeDenmark
89%
AsiaChina
89%
North AmericaGuatemala
78%
South AmericaPeru
78%
South AmericaBolivia
78%
North AmericaCanada
78%
AsiaSaudi Arabia
78%
South AmericaChile
78%
EuropeRomania
78%
Asiathe Philippines
78%
AsiaAfghanistan
78%
AsiaIndonesia
78%
AfricaMorocco
78%
EuropeLuxembourg
78%
AsiaLebanon
78%
AsiaJordan
78%
AsiaPakistan
67%
AfricaTunisia
67%
EuropeUkraine
67%
South AmericaVenezuela
67%
South AmericaColombia
67%
AsiaBangladesh
56%
EuropeBelarus
56%
AfricaSenegal
56%
AfricaKenya
56%
AsiaIndia
56%
AfricaDemocratic Republic of the Congo
56%
North AmericaCosta Rica
56%
North AmericaPanama
56%
AfricaZambia
44%
AsiaSyria
44%
EuropeSerbia
44%
North AmericaDominican Republic
44%
EuropeCyprus
44%
AfricaTanzania
33%
AfricaLiberia
33%

Score Distribution

Percentile by Number Answered

Percent of People with Each Score

Your Score History

You have not taken this quiz